[Event "Polanica Zdroj op-D 58th"]
[Site "Polanica Zdroj"]
[Date "2022.08.16"]
[Round "4"]
[White "Szalbierz, Piotr"]
[Black "Blasiak, Miroslaw"]
[Result "1/2-1/2"]
[WhiteElo "1407"]
[BlackElo "1608"]
[PlyCount "29"]
[EventDate "2022.08.13"]
[EventType "swiss"]
[EventRounds "9"]
[EventCountry "POL"]
[SourceTitle "CBM 210 Extra"]
[Source "ChessBase"]
[SourceDate "2022.11.30"]
[SourceVersion "1"]
[SourceVersionDate "2022.11.30"]
[SourceQuality "1"]

1. d4 d5 2. Nc3 Nf6 3. Bf4 c5 4. e3 a6 5. dxc5 Nc6 6. Nf3 Bg4 7. h3 Bxf3 8. Qxf3 e6 9. Be2 Bxc5 10. 0-0 0-0 11. e4 Nd4 12. Qd3 Nc6 13. Qf3 Nd4 14. Qd3 dxe4 15. Nxe4 1/2-1/2

[Event "Rubinstein Memorial op-D 57th"]
[Site "Polanica Zdroj"]
[Date "2021.08.19"]
[Round "6"]
[White "Blasiak, Miroslaw"]
[Black "Kopaczewski, Zbigniew"]
[Result "1-0"]
[WhiteElo "1612"]
[BlackElo "1463"]
[PlyCount "71"]
[EventDate "2021.08.14"]
[EventType "swiss"]
[EventRounds "9"]
[EventCountry "POL"]
[SourceTitle "CBM 204 Extra"]
[Source "ChessBase"]
[SourceDate "2021.11.30"]
[SourceVersion "1"]
[SourceVersionDate "2021.11.30"]
[SourceQuality "1"]

1. e4 c5 2. Nf3 g6 3. d4 cxd4 4. Nxd4 Bg7 5. Nc3 a6 6. Be3 e6 7. Qd2 b5 8. 0-0-0 Bb7 9. f3 Nc6 10. Kb1 Rc8 11. Bxb5 Ne5 12. Be2 Ne7 13. h4 h5 14. Bg5 Qc7 15. Nb3 Rd8 16. Nc1 N5c6 17. Nb3 Na5 18. Nxa5 Qxa5 19. Qd6 f6 20. Be3 Nc8 21. Qc5 Qxc5 22. Bxc5 f5 23. exf5 gxf5 24. Bc4 d5 25. Bb3 Nd6 26. Ne2 Nb5 27. a4 Nc7 28. Nf4 Kf7 29. Rhe1 e5 30. Nd3 e4 31. fxe4 fxe4 32. Rxe4 Ne6 33. Rf1+ Bf6 34. Re2 Rc8 35. Be3 Rhe8 36. Ref2 1-0

[Event "Rubinstein Memorial op-D 57th"]
[Site "Polanica Zdroj"]
[Date "2021.08.17"]
[Round "4"]
[White "Blasiak, Miroslaw"]
[Black "Karalchuk, Alieksej"]
[Result "1-0"]
[WhiteElo "1612"]
[BlackElo "1478"]
[PlyCount "51"]
[EventDate "2021.08.14"]
[EventType "swiss"]
[EventRounds "9"]
[EventCountry "POL"]
[SourceTitle "CBM 204 Extra"]
[Source "ChessBase"]
[SourceDate "2021.11.30"]
[SourceVersion "1"]
[SourceVersionDate "2021.11.30"]
[SourceQuality "1"]

1. e4 c5 2. Nf3 Nc6 3. d4 cxd4 4. Nxd4 g6 5. Nc3 Bg7 6. Be3 Nf6 7. Bc4 Qa5 8. 0-0 0-0 9. Bb3 Nxd4 10. Bxd4 d6 11. h3 Bd7 12. f4 Bc6 13. Qd3 Rad8 14. f5 Nd7 15. Nd5 Bxd5 16. Bxd5 Ne5 17. Qe3 Qa4 18. c3 b6 19. fxg6 hxg6 20. Qg3 Nd7 21. b3 Bxd4+ 22. Kh1 Be5 23. Qxg6+ Bg7 24. Bxf7+ Rxf7 25. Rxf7 Qb5 26. Qxg7# 1-0

[Event "Rubinstein Memorial op-C 57th"]
[Site "Polanica Zdroj"]
[Date "2021.08.17"]
[Round "4"]
[White "Kawula, Andrzej"]
[Black "Blasiak, Miroslaw"]
[Result "0-1"]
[WhiteElo "1894"]
[BlackElo "1612"]
[PlyCount "102"]
[EventDate "2021.08.14"]
[EventType "swiss"]
[EventRounds "9"]
[EventCountry "POL"]
[SourceTitle "EXT 2023"]
[Source "ChessBase"]
[SourceDate "2022.10.05"]
[SourceVersion "1"]
[SourceVersionDate "2022.10.05"]
[SourceQuality "1"]

1. d4 d5 2. c4 e6 3. Nf3 Nf6 4. e3 Be7 5. Nc3 0-0 6. Bd3 dxc4 7. Bxc4 c5 8. 0-0 Nc6 9. d5 exd5 10. Nxd5 Nxd5 11. Bxd5 Qc7 12. e4 Bg4 13. Qb3 Bf6 14. Bg5 Bxf3 15. Bxf6 Be2 16. Rfe1 gxf6 17. Bxc6 Qxc6 18. Rxe2 Rfe8 19. Rae1 Re6 20. Qg3+ Kh8 21. Qf4 Rae8 22. Re3 b6 23. f3 Re5 24. Kf2 b5 25. g4 c4 26. Kg3 Qd6 27. R3e2 Qb6 28. Qd2 Rd8 29. Qe3 Qxe3 30. Rxe3 Rd2 31. R1e2 Rxe2 32. Rxe2 b4 33. Rd2 Ra5 34. b3 c3 35. Rc2 Ra6 36. Kf4 Rd6 37. Ke3 Kg7 38. h4 h6 39. a3 a5 40. axb4 axb4 41. Rg2 Rd1 42. g5 fxg5 43. hxg5 hxg5 44. Rxg5+ Kf6 45. Rc5 Rb1 46. Kd4 Rxb3 47. Rc6+ Kg7 48. f4 Rb2 49. f5 c2 50. e5 b3 51. f6+ Kg6 0-1

[Event "Katowice POL-HUN 4th"]
[Site "Katowice"]
[Date "2016.05.08"]
[Round "6"]
[White "Klekowski, Maciej"]
[Black "Blasiak, Miroslaw"]
[Result "1-0"]
[WhiteElo "2439"]
[BlackElo "1800"]
[PlyCount "85"]
[EventDate "2016.05.07"]
[EventType "swiss (rapid)"]
[EventRounds "9"]
[EventCountry "POL"]
[SourceTitle "CBM 172 Extra"]
[Source "ChessBase"]
[SourceDate "2016.06.21"]
[SourceVersion "1"]
[SourceVersionDate "2016.06.21"]
[SourceQuality "1"]

1. c4 Nf6 2. g3 e6 3. Nf3 d5 4. b3 c5 5. Bg2 Nc6 6. 0-0 Be7 7. cxd5 exd5 8. d4 0-0 9. Bb2 Re8 10. Qc1 Ne4 11. e3 Bg4 12. dxc5 Bxc5 13. Nbd2 Bf8 14. h3 Bh5 15. a3 Rc8 16. Qe1 Qb6 17. Nh4 Ne5 18. Bxe5 Rxe5 19. Bxe4 dxe4 20. Nc4 Qe6 21. Nxe5 Qxe5 22. Rc1 Rd8 23. Qc3 Qe7 24. b4 Qe6 25. g4 Bg6 26. Ng2 h5 27. Nf4 Qd7 28. Nxg6 fxg6 29. Rfd1 Qe8 30. Rxd8 Qxd8 31. Qc4+ Kh7 32. Qxe4 Qh4 33. Kg2 Qf6 34. Rc7 Bd6 35. Rxb7 hxg4 36. hxg4 Qh4 37. Rd7 Qh2+ 38. Kf1 Be5 39. Ke2 Bf6 40. Rd1 Bh4 41. Qf4 Qg2 42. Qf3 Qh2 43. Rh1 1-0

[Event "Krakow Malopolski-chA"]
[Site "Krakow"]
[Date "2013.04.30"]
[Round "3"]
[White "Foglia, Maurizio"]
[Black "Blasiak, Miroslaw"]
[Result "1-0"]
[WhiteElo "2144"]
[BlackElo "1879"]
[PlyCount "65"]
[EventDate "2013.04.28"]
[EventType "swiss"]
[EventRounds "9"]
[EventCountry "POL"]
[SourceTitle "CBM 154 Extra"]
[Source "ChessBase"]
[SourceDate "2013.06.25"]
[SourceVersion "2"]
[SourceVersionDate "2013.06.25"]
[SourceQuality "1"]

1. c4 Nf6 2. g3 e6 3. Bg2 d5 4. Nf3 c5 5. cxd5 exd5 6. d4 Nc6 7. dxc5 Bxc5 8. 0-0 0-0 9. Nbd2 Re8 10. Nb3 Bb6 11. Bf4 Qe7 12. Re1 h6 13. Nfd4 Bg4 14. h3 Bd7 15. Rc1 Ne4 16. a3 Rad8 17. Rf1 Qf6 18. Be3 Ne5 19. Nd2 Nxd2 20. Qxd2 Nc4 21. Qc3 Rc8 22. Qd3 Nxb2 23. Qd2 Nc4 24. Qd3 Nxe3 25. Rxc8 Bxc8 26. fxe3 Qe5 27. Rf3 Bd7 28. Nc2 g6 29. Kh2 h5 30. Rf4 Bf5 31. Qb5 Bxc2 32. Bxd5 Re7 33. Rxf7 1-0

[Event "Rewal op-B 16th"]
[Site "Rewal"]
[Date "2011.08.27"]
[Round "8"]
[White "Blasiak, Miroslaw"]
[Black "Szostko, Jakub"]
[Result "1-0"]
[WhiteElo "1961"]
[BlackElo "1645"]
[PlyCount "63"]
[EventDate "2011.08.18"]
[EventType "swiss"]
[EventRounds "9"]
[EventCountry "POL"]
[SourceTitle "CBM 144 Extra"]
[Source "ChessBase"]
[SourceDate "2011.10.28"]
[SourceVersion "1"]
[SourceVersionDate "2011.10.28"]
[SourceQuality "1"]

1. e4 c5 2. Nf3 d6 3. d4 cxd4 4. Nxd4 Nf6 5. Nc3 g6 6. Be3 Bg7 7. f3 a6 8. Bc4 Nbd7 9. Qd2 b5 10. Bb3 Bb7 11. 0-0-0 Rc8 12. Kb1 Ne5 13. Bh6 Bxh6 14. Qxh6 Nc4 15. Bxc4 Rxc4 16. e5 dxe5 17. Ne6 fxe6 18. Rxd8+ Kxd8 19. Rd1+ Rd4 20. Rxd4+ exd4 21. Ne2 e5 22. f4 e4 23. Nxd4 Bd5 24. Qh3 Kc7 25. Qa3 Re8 26. Qxa6 Ra8 27. Ne6+ Bxe6 28. Qxa8 Bd5 29. Qa7+ Kd8 30. Qb8+ Kd7 31. Qxb5+ Ke6 32. c4 1-0

[Event "Rewal op-B 16th"]
[Site "Rewal"]
[Date "2011.08.26"]
[Round "7"]
[White "Smal, Tobiasz"]
[Black "Blasiak, Miroslaw"]
[Result "1/2-1/2"]
[WhiteElo "1711"]
[BlackElo "1961"]
[PlyCount "69"]
[EventDate "2011.08.18"]
[EventType "swiss"]
[EventRounds "9"]
[EventCountry "POL"]
[SourceTitle "CBM 144 Extra"]
[Source "ChessBase"]
[SourceDate "2011.10.28"]
[SourceVersion "1"]
[SourceVersionDate "2011.10.28"]
[SourceQuality "1"]

1. e4 e5 2. Nf3 Nc6 3. d4 exd4 4. Bc4 Nf6 5. 0-0 Nxe4 6. Re1 d5 7. Bxd5 Qxd5 8. Nc3 Qa5 9. Nxe4 Be6 10. Neg5 0-0-0 11. Nxe6 fxe6 12. Rxe6 Bd6 13. Bg5 Rde8 14. Qe1 Qxe1+ 15. Raxe1 Kd7 16. Rxe8 Rxe8 17. Rxe8 Kxe8 18. Kf1 h6 19. Bd2 Kf7 20. Ke2 Ke6 21. Kd3 Kd5 22. Nxd4 Ne5+ 23. Kc3 a5 24. Be3 Nc4 25. b3 Nxe3 26. fxe3 Ke4 27. Kd2 Bxh2 28. Ne6 b6 29. Nxg7 Bg1 30. Ne8 Bxe3+ 31. Ke2 Bf4 32. Nf6+ Ke5 33. Kf3 Bg5 34. Ne4 Be7 35. Ke3 1/2-1/2

[Event "Rewal op-B 16th"]
[Site "Rewal"]
[Date "2011.08.22"]
[Round "3"]
[White "Borowicz, Miroslaw"]
[Black "Blasiak, Miroslaw"]
[Result "0-1"]
[WhiteElo "1776"]
[BlackElo "1961"]
[PlyCount "78"]
[EventDate "2011.08.18"]
[EventType "swiss"]
[EventRounds "9"]
[EventCountry "POL"]
[SourceTitle "CBM 144 Extra"]
[Source "ChessBase"]
[SourceDate "2011.10.28"]
[SourceVersion "1"]
[SourceVersionDate "2011.10.28"]
[SourceQuality "1"]

1. d4 d5 2. c4 e6 3. Nc3 Nf6 4. Bg5 Be7 5. e3 0-0 6. Nf3 h6 7. Bh4 b6 8. Bxf6 Bxf6 9. cxd5 exd5 10. Qb3 Bb7 11. Bd3 Re8 12. 0-0 c6 13. Rac1 Nd7 14. Rfd1 Nf8 15. Ne2 Rc8 16. Nf4 Ne6 17. Nxe6 fxe6 18. Bb1 Qc7 19. Qd3 g5 20. h4 Qg7 21. hxg5 hxg5 22. Kf1 e5 23. dxe5 Bxe5 24. Ke2 Bxb2 25. Rh1 Bxc1 26. Rh7 Qb2+ 27. Kd1 Re4 28. Rxb7 Qxf2 29. Qc3 Bb2 30. Qd3 Qxe3 31. Qxe3 Rxe3 32. Nxg5 Rce8 33. Bh7+ Kh8 34. Bg6 R8e7 35. Rb8+ Kg7 36. Bf7 Rxf7 37. Nxf7 Kxf7 38. Kd2 Re7 39. Rc8 c5 0-1

[Event "Rewal op-B 16th"]
[Site "Rewal"]
[Date "2011.08.21"]
[Round "2"]
[White "Blasiak, Miroslaw"]
[Black "Popiol, Michal"]
[Result "0-1"]
[WhiteElo "1961"]
[BlackElo "1821"]
[PlyCount "78"]
[EventDate "2011.08.18"]
[EventType "swiss"]
[EventRounds "9"]
[EventCountry "POL"]
[SourceTitle "CBM 144 Extra"]
[Source "ChessBase"]
[SourceDate "2011.10.28"]
[SourceVersion "1"]
[SourceVersionDate "2011.10.28"]
[SourceQuality "1"]

1. e4 e6 2. d4 d5 3. Nc3 Nf6 4. Bg5 Bb4 5. e5 h6 6. Bd2 Bxc3 7. bxc3 Ne4 8. Qg4 Kf8 9. h4 c5 10. Rh3 Qa5 11. Qf4 Bd7 12. Rf3 Be8 13. Bd3 Nxd2 14. Qxd2 Nc6 15. Ne2 Ke7 16. dxc5 Nxe5 17. Rg3 g6 18. Qe3 Nd7 19. Qd4 Rg8 20. h5 Qxc5 21. hxg6 fxg6 22. Qh4+ Kd6 23. Qxh6 Rf8 24. Re3 Bf7 25. Bxg6 Rh8 26. Qf4+ e5 27. Qxf7 Rh1+ 28. Kd2 Rxa1 29. Bf5 Rd8 30. Bxd7 Rxd7 31. Qf6+ Kc7 32. Qxe5+ Qd6 33. Qd4 Rxa2 34. Nf4 b6 35. Ne6+ Kb7 36. g3 Ra1 37. Qf6 Qa3 38. Nd4 Qc1+ 39. Kd3 Qd1# 0-1

[Event "Krakow Malopolski-chA"]
[Site "Krakow"]
[Date "2011.05.07"]
[Round "8"]
[White "Sniadecki, Jerzy"]
[Black "Blasiak, Miroslaw"]
[Result "1/2-1/2"]
[WhiteElo "1760"]
[BlackElo "1957"]
[PlyCount "31"]
[EventDate "2011.05.01"]
[EventType "swiss"]
[EventRounds "9"]
[EventCountry "POL"]
[SourceTitle "EXT 2013"]
[Source "ChessBase"]
[SourceDate "2012.11.22"]
[SourceVersion "1"]
[SourceVersionDate "2012.11.22"]
[SourceQuality "1"]

1. e4 e5 2. Nf3 Nc6 3. Bc4 Nf6 4. d4 exd4 5. 0-0 Nxe4 6. Re1 d5 7. Bxd5 Qxd5 8. Nc3 Qa5 9. Nxe4 Be6 10. Neg5 0-0-0 11. Nxe6 fxe6 12. Rxe6 Bd6 13. Bg5 Rde8 14. Qe2 Kd7 15. Rxe8 Rxe8 16. Qd3 1/2-1/2

[Event "Krakow Malopolski-chA"]
[Site "Krakow"]
[Date "2011.05.03"]
[Round "3"]
[White "Watorek, Marcin"]
[Black "Blasiak, Miroslaw"]
[Result "1-0"]
[WhiteElo "2104"]
[BlackElo "1957"]
[PlyCount "81"]
[EventDate "2011.05.01"]
[EventType "swiss"]
[EventRounds "9"]
[EventCountry "POL"]
[SourceTitle "EXT 2013"]
[Source "ChessBase"]
[SourceDate "2012.11.22"]
[SourceVersion "1"]
[SourceVersionDate "2012.11.22"]
[SourceQuality "1"]

1. d4 d5 2. c4 e6 3. Nc3 Nf6 4. Bg5 Be7 5. Nf3 0-0 6. e3 h6 7. Bxf6 Bxf6 8. Qd2 b6 9. 0-0-0 Bb7 10. cxd5 exd5 11. h4 g6 12. h5 g5 13. Bd3 Nd7 14. Bb1 Re8 15. Qd3 Nf8 16. Ne5 c5 17. Qf5 cxd4 18. Ng4 Bg7 19. exd4 Rc8 20. Bc2 a6 21. Rhe1 Qd6 22. Ne3 Rcd8 23. Kb1 b5 24. Qd3 Qd7 25. Nf5 Rxe1 26. Rxe1 Re8 27. Rg1 Qe6 28. f4 gxf4 29. g3 f3 30. Qxf3 b4 31. Na4 Qe2 32. Qf4 Qxh5 33. Nd6 Re7 34. Nc5 Bc6 35. Nf5 Re8 36. Nxg7 Kxg7 37. Rf1 a5 38. Qf6+ Kg8 39. Qxc6 Re3 40. Qc8 Kg7 41. Qc7 1-0

[Event "Krakow Malopolski-chA"]
[Site "Krakow"]
[Date "2011.05.01"]
[Round "1"]
[White "Lach, Piotr"]
[Black "Blasiak, Miroslaw"]
[Result "1-0"]
[WhiteElo "2176"]
[BlackElo "1957"]
[PlyCount "97"]
[EventDate "2011.05.01"]
[EventType "swiss"]
[EventRounds "9"]
[EventCountry "POL"]
[SourceTitle "EXT 2013"]
[Source "ChessBase"]
[SourceDate "2012.11.22"]
[SourceVersion "1"]
[SourceVersionDate "2012.11.22"]
[SourceQuality "1"]

1. e4 e5 2. Nf3 Nc6 3. Bc4 Nf6 4. d3 Be7 5. 0-0 0-0 6. Bb3 d6 7. c3 Na5 8. Bc2 c5 9. Nbd2 a6 10. Re1 b5 11. Nf1 Nc6 12. Qe2 h6 13. Ne3 Re8 14. Nd5 Be6 15. c4 Nd4 16. Nxd4 cxd4 17. a4 Nxd5 18. cxd5 Bd7 19. axb5 axb5 20. Bd2 f5 21. f4 Bf8 22. Qf3 fxe4 23. dxe4 Qh4 24. f5 Qf6 25. Bd3 Qd8 26. Qh5 Qf6 27. Qe2 Rab8 28. Ra7 Re7 29. Rea1 Be8 30. Bb4 Reb7 31. Rxb7 Rxb7 32. Ra8 Qf7 33. h3 Kh7 34. b3 Be7 35. Ra5 Bg5 36. g3 Be3+ 37. Kg2 Qc7 38. Qf1 Qb6 39. Qa1 Qc7 40. Ra6 Rb6 41. Ra7 Qc8 42. f6 Rb7 43. Ra8 Rb8 44. Qa7 Bd7 45. Qxb8 Bxh3+ 46. Kh2 Qc1 47. Qh8+ Kg6 48. Qxg7+ Kh5 49. Qf7+ 1-0

[Event "Zabrze Region-ch"]
[Site "Zabrze"]
[Date "2010.12.08"]
[Round "1.5"]
[White "Blasiak, Miroslaw"]
[Black "Czarnecki, Artur"]
[Result "1-0"]
[WhiteElo "1955"]
[BlackElo "1790"]
[PlyCount "101"]
[EventDate "2010.12.08"]
[EventType "swiss"]
[EventRounds "9"]
[EventCountry "POL"]
[SourceTitle "EXT 2023"]
[Source "ChessBase"]
[SourceDate "2022.10.05"]
[SourceVersion "1"]
[SourceVersionDate "2022.10.05"]
[SourceQuality "1"]

1. e4 e5 2. Nf3 Nf6 3. Nxe5 d6 4. Nf3 Nxe4 5. d4 d5 6. Bd3 Bd6 7. 0-0 0-0 8. c4 c6 9. Nc3 Nxc3 10. bxc3 Bg4 11. h3 Bh5 12. cxd5 cxd5 13. Rb1 b6 14. Re1 Qf6 15. Be2 h6 16. Rb5 Nc6 17. Rxd5 Bg6 18. Rb5 Rfe8 19. Be3 Rac8 20. Bd3 Na5 21. Bxg6 Qxg6 22. Bd2 Qd3 23. Qb1 Rxe1+ 24. Bxe1 Qxb1 25. Rxb1 Nc4 26. g3 f5 27. Kf1 g5 28. h4 g4 29. Ng1 f4 30. gxf4 Bxf4 31. Ne2 Bd6 32. Ng3 Re8 33. Rb5 Kf7 34. Nf5 Bf4 35. Rb4 Na3 36. Ra4 Nb5 37. c4 Kf6 38. cxb5 Kxf5 39. Rxa7 Kg6 40. Ra6 Kh5 41. Rxb6 Kxh4 42. a4 h5 43. a5 Kg5 44. Rb7 h4 45. Bb4 Kf5 46. Rf7+ Ke4 47. Re7+ Rxe7 48. Bxe7 h3 49. a6 Bb8 50. b6 g3 51. fxg3 1-0

[Event "Zabrze Region-ch"]
[Site "Zabrze"]
[Date "2010.12.08"]
[Round "3.4"]
[White "Gwozdzik, Zbigniew"]
[Black "Blasiak, Miroslaw"]
[Result "1-0"]
[WhiteElo "1885"]
[BlackElo "1955"]
[PlyCount "76"]
[EventDate "2010.12.08"]
[EventType "swiss"]
[EventRounds "9"]
[EventCountry "POL"]
[SourceTitle "EXT 2023"]
[Source "ChessBase"]
[SourceDate "2022.10.05"]
[SourceVersion "1"]
[SourceVersionDate "2022.10.05"]
[SourceQuality "1"]

1. d4 d5 2. c4 e6 3. g3 Nf6 4. Bg2 c5 5. Nf3 Nc6 6. cxd5 exd5 7. 0-0 Be7 8. Nc3 0-0 9. e3 Be6 10. b3 Rc8 11. Bb2 Ne4 12. Rc1 cxd4 13. Nxe4 dxe4 14. Nxd4 Qd5 15. Nxc6 Rxc6 16. Qxd5 Bxd5 17. Rcd1 Rd8 18. Rxd5 Rxd5 19. Bxe4 Rd2 20. Bxc6 Rxb2 21. Bxb7 Rxa2 22. Rc1 g6 23. Rc8+ Kg7 24. Rc7 Kf8 25. Bd5 h6 26. Kg2 Ra5 27. Bc4 h5 28. e4 Ke8 29. h3 Kd8 30. Rb7 Ke8 31. Rb8+ Kd7 32. Bxf7 Ra2 33. Rb7+ Kd8 34. b4 Rb2 35. Rxa7 Bxb4 36. Rb7 g5 37. Bxh5 Bc3 38. Rxb2 Bxb2 1-0

[Event "Chorzow Bak Memorial op"]
[Site "Chorzow"]
[Date "2010.11.17"]
[Round "7"]
[White "Cieraszewski, Piotr"]
[Black "Blasiak, Miroslaw"]
[Result "0-1"]
[WhiteElo "2004"]
[BlackElo "1955"]
[PlyCount "74"]
[EventDate "2010.11.13"]
[EventType "swiss"]
[EventRounds "9"]
[EventCountry "POL"]
[SourceTitle "EXT 2012"]
[Source "ChessBase"]
[SourceDate "2011.11.24"]
[SourceVersion "1"]
[SourceVersionDate "2011.11.24"]
[SourceQuality "1"]

1. d4 d5 2. c4 e6 3. Nf3 Nf6 4. Bg5 Be7 5. e3 0-0 6. Nc3 h6 7. Bh4 b6 8. Rc1 Bb7 9. cxd5 Nxd5 10. Bg3 c5 11. dxc5 Bxc5 12. a3 Nxc3 13. Qxd8 Rxd8 14. Rxc3 Nc6 15. Bb5 Rac8 16. 0-0 Bd6 17. Bxd6 Rxd6 18. Rfc1 Ne7 19. Rxc8+ Bxc8 20. Kf1 Bd7 21. Ba6 Nc6 22. Bb7 Na5 23. Ba6 Nc6 24. b4 Kf8 25. b5 Nb8 26. Ne5 Nxa6 27. Nxd7+ Rxd7 28. bxa6 Ke7 29. Ke2 Kd8 30. e4 Rd4 31. Rd1 Rxd1 32. Kxd1 b5 33. Kc2 Kc7 34. Kb3 Kb6 35. Kb4 Kxa6 36. Kc5 Ka5 37. Kd6 Ka4 0-1

[Event "Chorzow Bak Memorial op"]
[Site "Chorzow"]
[Date "2010.11.16"]
[Round "6"]
[White "Blasiak, Miroslaw"]
[Black "Liszek, Krzysztof"]
[Result "1/2-1/2"]
[WhiteElo "1955"]
[BlackElo "2033"]
[PlyCount "96"]
[EventDate "2010.11.13"]
[EventType "swiss"]
[EventRounds "9"]
[EventCountry "POL"]
[SourceTitle "EXT 2012"]
[Source "ChessBase"]
[SourceDate "2011.11.24"]
[SourceVersion "1"]
[SourceVersionDate "2011.11.24"]
[SourceQuality "1"]

1. e4 e6 2. d4 d5 3. Nc3 Nf6 4. Bg5 Be7 5. e5 Nfd7 6. Bxe7 Qxe7 7. f4 a6 8. Nf3 c5 9. dxc5 Nxc5 10. Bd3 Nc6 11. Qd2 Bd7 12. a3 Rc8 13. 0-0 Nxd3 14. cxd3 0-0 15. Rae1 Na7 16. Kh1 Rc7 17. f5 f6 18. exf6 Qxf6 19. fxe6 Bxe6 20. Qe3 d4 21. Qxd4 Qxd4 22. Nxd4 Bf7 23. Rf4 Nc6 24. Nxc6 bxc6 25. Kg1 Bg6 26. Rxf8+ Kxf8 27. d4 Rd7 28. Rd1 Ke7 29. Kf2 Kd6 30. Ke3 Re7+ 31. Kd2 Rf7 32. Re1 Rb7 33. b4 a5 34. bxa5 Rb2+ 35. Ke3 Rb3 36. Kd2 Rxa3 37. Re5 Ra1 38. Ne2 Ra2+ 39. Ke3 Bf7 40. h4 Bd5 41. g4 Rxa5 42. Rg5 Ra3+ 43. Kd2 g6 44. Nc3 Ra8 45. h5 gxh5 46. Rxh5 Rg8 47. Nxd5 cxd5 48. Rh6+ Rg6 1/2-1/2

[Event "Chorzow Bak Memorial op"]
[Site "Chorzow"]
[Date "2010.11.13"]
[Round "1"]
[White "Galyga, Zbigniew"]
[Black "Blasiak, Miroslaw"]
[Result "1-0"]
[WhiteElo "2134"]
[BlackElo "1955"]
[PlyCount "107"]
[EventDate "2010.11.13"]
[EventType "swiss"]
[EventRounds "9"]
[EventCountry "POL"]
[SourceTitle "EXT 2012"]
[Source "ChessBase"]
[SourceDate "2011.11.24"]
[SourceVersion "1"]
[SourceVersionDate "2011.11.24"]
[SourceQuality "1"]

1. c4 Nf6 2. Nf3 e6 3. g3 d5 4. Bg2 c5 5. 0-0 Nc6 6. b3 Be7 7. Bb2 0-0 8. e3 b6 9. Nc3 dxc4 10. bxc4 Bb7 11. Qe2 Qc7 12. d4 a6 13. Rfd1 Rfd8 14. d5 exd5 15. cxd5 Na5 16. Nh4 g6 17. e4 Nh5 18. Nf3 b5 19. e5 Bf8 20. d6 Qd7 21. Nd5 Nc4 22. Bc3 h6 23. Nh4 Bg7 24. f4 Rab8 25. f5 Nxd6 26. exd6 Bxd5 27. Bxd5 Bxc3 28. fxg6 Bxa1 29. gxf7+ Kf8 30. Qxh5 Qxd6 31. Ng6+ Kg7 32. f8Q+ Rxf8 33. Nxf8 Bd4+ 34. Rxd4 Rxf8 35. Rg4+ Kh7 36. Be4+ Kh8 37. Qd5 Qf6 38. Rf4 Qa1+ 39. Kg2 Rxf4 40. gxf4 Qc3 41. Qe5+ Qxe5 42. fxe5 Kg7 43. Bb7 a5 44. Ba6 b4 45. Kf3 a4 46. Ke3 b3 47. a3 Kg6 48. Bd3+ Kf7 49. Ke4 Ke6 50. Bc4+ Ke7 51. Kd5 b2 52. Bd3 Kd7 53. Bf5+ Kc7 54. Kxc5 1-0

[Event "Chorzow op"]
[Site "Chorzow"]
[Date "2010.03.26"]
[Round "7"]
[White "Bezimienny, Daniel"]
[Black "Blasiak, Miroslaw"]
[Result "1-0"]
[WhiteElo "1828"]
[BlackElo "2003"]
[PlyCount "77"]
[EventDate "2010.03.20"]
[EventType "swiss"]
[EventRounds "9"]
[EventCountry "POL"]
[SourceTitle "EXT 2012"]
[Source "ChessBase"]
[SourceDate "2011.11.24"]
[SourceVersion "1"]
[SourceVersionDate "2011.11.24"]
[SourceQuality "1"]

1. e4 e5 2. Nf3 Nc6 3. Bc4 Nf6 4. d4 exd4 5. Nxd4 Nxe4 6. 0-0 d5 7. Bb3 Be7 8. c3 0-0 9. f3 Nxd4 10. cxd4 Nf6 11. Nc3 c6 12. Bc2 Re8 13. Bg5 Nh5 14. f4 g6 15. Qf3 f5 16. Rae1 Nf6 17. Bb3 Kg7 18. Qh3 Ne4 19. Qh6+ Kh8 20. Nxe4 fxe4 21. Re3 Bd7 22. h4 Bf8 23. Bxd8 Bxh6 24. Bc7 Bg7 25. Be5 Bxe5 26. dxe5 Bf5 27. Rd1 Rad8 28. Rd4 Be6 29. Rc3 Kg7 30. Kf2 Kf8 31. Ke3 Ke7 32. Bd1 Rc8 33. b4 b6 34. Ra3 Rc7 35. g4 Kd8 36. Be2 Kc8 37. Rd1 Kb8 38. Rf1 Rf8 39. h5 1-0

[Event "POL-chT 2nd League"]
[Site "Miedzyzdroje"]
[Date "2009.09.14"]
[Round "3"]
[White "Grochowalski, Pawel"]
[Black "Blasiak, Miroslaw"]
[Result "1/2-1/2"]
[WhiteElo "2062"]
[BlackElo "1978"]
[PlyCount "83"]
[EventDate "2009.09.12"]
[EventType "team-swiss"]
[EventRounds "9"]
[EventCountry "POL"]
[SourceTitle "EXT 2019"]
[Source "ChessBase"]
[SourceDate "2018.10.10"]
[SourceVersion "1"]
[SourceVersionDate "2018.10.10"]
[SourceQuality "1"]
[WhiteTeam "Torun Torfarm 64"]
[BlackTeam "Mikolow AKS"]
[WhiteTeamCountry "POL"]
[BlackTeamCountry "POL"]

1. d4 d5 2. c4 e6 3. Nc3 Nf6 4. Bg5 Be7 5. e3 0-0 6. Nf3 h6 7. Bh4 b6 8. cxd5 Nxd5 9. Bxe7 Qxe7 10. Nxd5 exd5 11. Rc1 Be6 12. Qa4 c5 13. Qa3 Rc8 14. Be2 Kf8 15. dxc5 bxc5 16. 0-0 Nd7 17. Rc3 c4 18. Qxe7+ Kxe7 19. Nd4 Rc5 20. Rfc1 Rac8 21. Kf1 a5 22. Ke1 Kd6 23. Kd2 Nf6 24. f3 Bd7 25. b3 cxb3 26. Nxb3 Rxc3 27. Rxc3 Rxc3 28. Kxc3 a4 29. Nc1 Kc5 30. Nd3+ Kb6 31. Kd4 Ne8 32. Nf4 Nc7 33. a3 Bc6 34. h4 g5 35. hxg5 hxg5 36. Nh3 f6 37. f4 Ne6+ 38. Kc3 Kc5 39. fxg5 fxg5 40. Bg4 d4+ 41. exd4+ Nxd4 42. Nxg5 1/2-1/2

[Event "POL-chT 2nd League"]
[Site "Miedzyzdroje"]
[Date "2009.09.13"]
[Round "2"]
[White "Blasiak, Miroslaw"]
[Black "Sielicki, Tomasz"]
[Result "1-0"]
[WhiteElo "1978"]
[BlackElo "2047"]
[PlyCount "57"]
[EventDate "2009.09.12"]
[EventType "team-swiss"]
[EventRounds "9"]
[EventCountry "POL"]
[SourceTitle "EXT 2019"]
[Source "ChessBase"]
[SourceDate "2018.10.10"]
[SourceVersion "1"]
[SourceVersionDate "2018.10.10"]
[SourceQuality "1"]
[WhiteTeam "Mikolow AKS"]
[BlackTeam "Izabelin SSz Parazauroloff"]
[WhiteTeamCountry "POL"]
[BlackTeamCountry "POL"]

1. e4 c5 2. Nf3 Nc6 3. d4 cxd4 4. Nxd4 g6 5. Nc3 Bg7 6. Be3 Nf6 7. Bc4 0-0 8. Bb3 d6 9. f3 Qa5 10. Qd2 Nxd4 11. Bxd4 Be6 12. 0-0-0 Bxb3 13. cxb3 Rfc8 14. Kb1 Qd8 15. h4 h5 16. g4 Kh7 17. gxh5 Nxh5 18. Bxg7 Kxg7 19. Rhg1 Rc5 20. b4 Rc4 21. Qg5 Nf6 22. h5 Nh7 23. Qd5 Rac8 24. hxg6 fxg6 25. Rxg6+ Kxg6 26. Rg1+ Kh6 27. Qf7 Qg8 28. Rh1+ Kg5 29. Qf5# 1-0